Kształty państw na mapie świata #2 - Statystyki

Ogólne statystyki
  • Ten quiz został rozwiązany 20 165 razy
  • Średni wynik to 17 z 20
Odpowiedzi na mapie
Odpowiedzi zakodowano w zielono-czerwonej skali na mapie do tego quizu, zgodnie z poniższymi procentami.
 
Statystyki odpowiedzi
Państwo % Poprawnych
Kanada
100%
Finlandia
98%
Hiszpania
98%
Islandia
97%
Japonia
97%
Egipt
96%
Grecja
95%
Indonezja
91%
Iran
90%
Algieria
89%
Boliwia
88%
Jemen
84%
Wietnam
84%
Ekwador
83%
Dominikana
80%
Uzbekistan
79%
Gujana
78%
Nigeria
76%
Sudan Południowy
71%
Botswana
65%
Nie znaleziono quizów pasujących do podanych kryteriów
Rozkład punktacji
Procent ludzi z każdym wynikiem
Percentyl według liczby udzielonych odpowiedzi
Twoja historia wyników
Nie rozwiązałeś tego quizu